| 000 | 00386nam a2200169Ia 4500 | ||
|---|---|---|---|
| 008 | 230524s9999 xx 000 0 und d | ||
| 020 | _a8123909284 | ||
| 082 |
_a621.38 _bCOT |
||
| 100 | _aH.Cotton | ||
| 245 | 0 | _aElectrical Technology | |
| 250 | _a7TH | ||
| 260 |
_aNEW DELHI _bCBS _c2003 |
||
| 300 | _aXV;864 | ||
| 500 | _aQuantity Number: 5 | ||
| 650 | _aElectrical | ||
| 942 | _cBK | ||
| 999 |
_c8854 _d8854 |
||